000 01362nam a2200373 i 4500
001 bg
003 BPK
005 20210729135701.0
008 020801s2002 pl |001 0 pol
015 _aPB 2002/13406
020 _a837052494X
040 _aWA N
_cBPK
080 _a050+070
080 _a81'38
080 _a808.5
080 _a808.1
080 _a(07)
100 1 _aPisarek, Walery
_d(1931- ).
245 1 0 _aNowa retoryka dziennikarska /
_cWalery Pisarek ; Studium Dziennikarskie Akademii Pedagogicznej im. Komisji Edukacji Narodowej w Krakowie.
260 _aKraków :
_bTowarzystwo Autorów i Wydawców Prac Naukowych "Universitas",
_ccop. 2002.
300 _a291 s. ;
_c21 cm.
490 1 _aDziennikarstwo i Świat Mediów.
500 _aPełna nazwa wydawcy w cop.
504 _aBibliogr. Indeksy.
655 4 _aPodręcznik
650 4 _aDziennikarstwo
650 4 _aRetoryka
650 4 _aPisarstwo
710 2 _aAkademia Pedagogiczna im. Komisji Edukacji Narodowej (Kraków).
_bStudium Dziennikarskie.
710 2 _aTowarzystwo Autorów i Wydawców Prac Naukowych "Universitas"
_4pbl.
830 0 _aDziennikarstwo i Świat Mediów
856 _uhttp://koha.tu.koszalin.pl/cgi-bin/koha/opac-detail.pl?biblionumber=53949
_yKatalog online BPK
942 _2UKD
_cKS
999 _c53949
_d53949